[Event "IECG CP.2001.S.00007 email"]
[Site "IECG email"]
[Date "2003.10.01"]
[Round "?"]
[White "Bopp, Thomas"]
[Black "Percze, Janos"]
[Result "0-1"]
[WhiteElo "2151"]
[BlackElo "2353"]
[PlyCount "104"]
[EventDate "2003.10.01"]
[EventType "tourn (corr)"]
[EventRounds "6"]
[SourceTitle "Corr 2008"]
[Source "ChessBase"]
[SourceDate "2008.06.24"]
[SourceVersion "1"]
[SourceVersionDate "2008.06.24"]
[SourceQuality "1"]

1. e4 e5 2. Nf3 Nc6 3. Bb5 a6 4. Ba4 Nf6 5. 0-0 Be7 6. Re1 b5 7. Bb3 d6 8. c3 0-0 9. d4 Bg4 10. Bd5 Nxd5 11. exd5 Na5 12. h3 Bh5 13. dxe5 Nc4 14. g4 Bg6 15. Nd4 Bh4 16. Nc6 Bxf2+ 17. Kxf2 Qh4+ 18. Kg2 f5 19. exf6 Rxf6 20. Ne7+ Kf7 21. Nf5 Rxf5 22. gxf5 Bh5 23. Re7+ Kxe7 24. Qd4 Qxd4 25. cxd4 Rf8 26. a4 b4 27. a5 Bd1 28. Bg5+ Kd7 29. Nd2 Rxf5 30. h4 Nxd2 31. Bxd2 Bb3 32. Rf1 Bxd5+ 33. Kg1 Rxf1+ 34. Kxf1 c5 35. Kf2 Kc6 36. dxc5 dxc5 37. Bf4 Kb5 38. Bc7 c4 39. Ke3 Ka4 40. Kd2 Kb3 41. Bd6 h5 42. Be5 g5 43. hxg5 h4 44. g6 h3 45. g7 Bg8 46. Kc1 Ka2 47. Kc2 c3 48. b3 Bxb3+ 49. Kd3 Bg8 50. Bf4 b3 51. Kxc3 b2 52. Kd4 b1Q 0-1

[Event "IECG CP.2001.S.00007 email"]
[Site "IECG email"]
[Date "2003.10.01"]
[Round "?"]
[White "Koch, Christian"]
[Black "Bopp, Thomas"]
[Result "0-1"]
[WhiteElo "2220"]
[BlackElo "2151"]
[PlyCount "120"]
[EventDate "2003.10.01"]
[EventType "tourn (corr)"]
[EventRounds "6"]
[SourceTitle "Corr 2008"]
[Source "ChessBase"]
[SourceDate "2008.06.24"]
[SourceVersion "1"]
[SourceVersionDate "2008.06.24"]
[SourceQuality "1"]

1. e4 e5 2. Nf3 Nf6 3. Bb5 a6 4. Ba4 Nxe4 5. d4 exd4 6. 0-0 Be7 7. Qxd4 Nf6 8. Re1 0-0 9. Bg5 d5 10. Qe3 Bd6 11. Bb3 Nbd7 12. Nbd2 h6 13. Bh4 c5 14. c4 g5 15. Bg3 Re8 16. Qd3 Bxg3 17. hxg3 b5 18. cxb5 c4 19. Nxc4 dxc4 20. Qxc4 Rxe1+ 21. Rxe1 Qf8 22. Qc6 Rb8 23. bxa6 Rb6 24. Qc2 Bxa6 25. Qg6+ Kh8 26. Bxf7 Rxb2 27. Be6 Bb5 28. Rc1 Re2 29. Qf5 Bd3 30. Qxd3 Rxe6 31. Qg6 Re2 32. Nd4 Re4 33. Nf3 Qg7 34. Qf5 Qh7 35. Qa5 Qf7 36. a4 Qa2 37. Qa8+ Kg7 38. a5 Ra4 39. Qd8 Rxa5 40. Qe7+ Qf7 41. Qb4 Rd5 42. Re1 Nc5 43. Qc3 Qa7 44. Nh2 Nd3 45. Re3 Qd4 46. Qb3 h5 47. Qd1 g4 48. Qe2 Qb2 49. Nf1 Qxe2 50. Rxe2 Ra5 51. Re3 Ra3 52. f3 Nd5 53. Re4 Ra1 54. fxg4 hxg4 55. Rxg4+ Kf6 56. Re4 Kg6 57. Rg4+ Kh6 58. Re4 Nf6 59. Rc4 Ne5 60. Rb4 Neg4 0-1

[Event "IECG CP.2002.Q.00007 email"]
[Site "IECG email"]
[Date "2003.10.01"]
[Round "?"]
[White "Martello, Juan Alberto"]
[Black "Bopp, Thomas"]
[Result "1/2-1/2"]
[WhiteElo "2243"]
[BlackElo "2151"]
[PlyCount "98"]
[EventDate "2003.10.01"]
[EventType "tourn (corr)"]
[EventRounds "10"]
[SourceTitle "Corr 2008"]
[Source "ChessBase"]
[SourceDate "2008.06.24"]
[SourceVersion "1"]
[SourceVersionDate "2008.06.24"]
[SourceQuality "1"]

1. e4 e5 2. Nf3 Nc6 3. d4 exd4 4. Nxd4 Bc5 5. Be3 Qf6 6. c3 Nge7 7. Bc4 Ne5 8. Be2 d5 9. 0-0 0-0 10. Nd2 Bb6 11. f4 N5c6 12. e5 Qh6 13. N2f3 Nxd4 14. Nxd4 c5 15. Nb5 Rd8 16. Bg4 d4 17. cxd4 cxd4 18. Bd2 Bxg4 19. Qxg4 Rac8 20. Nd6 Rc2 21. Rfd1 Qe6 22. Qxe6 fxe6 23. Kf2 Nf5 24. Nxf5 exf5 25. Rab1 g5 26. Kf3 Kf7 27. fxg5 d3 28. a3 Ke6 29. b4 Bd4 30. Rb3 Bxe5 31. g3 Rd7 32. Ke3 Ra2 33. Kf3 Rb2 34. Rxb2 Bxb2 35. Ke3 Bxa3 36. Rb1 a5 37. bxa5 Bc5+ 38. Kf3 Kd5 39. Kf4 Re7 40. Rd1 Re2 41. Kxf5 Rxh2 42. Bf4 Kc4 43. Rc1+ Rc2 44. Rh1 d2 45. Bxd2 Rxd2 46. Rxh7 Rd5+ 47. Ke4 Rxg5 48. Rxb7 Rxg3 49. a6 Re3+ 1/2-1/2